[Event "Maresme op 16th"]
[Site "Maresme"]
[Date "2019.10.05"]
[Round "2"]
[White "Perez Cardus, Pau"]
[Black "Fecundez Martinez, Josep"]
[Result "1-0"]
[WhiteElo "1168"]
[BlackElo "1527"]
[PlyCount "53"]
[EventDate "2019.09.29"]
[EventType "swiss"]
[EventRounds "8"]
[EventCountry "ESP"]
[SourceTitle "CBM 193 Extra"]
[Source "ChessBase"]
[SourceDate "2020.01.31"]
[SourceVersion "1"]
[SourceVersionDate "2020.01.31"]
[SourceQuality "1"]

1. e4 c6 2. Nf3 d6 3. Nc3 Bg4 4. h3 Bxf3 5. Qxf3 b5 6. Bd3 g6 7. a3 Bg7 8. b3 Nd7 9. Bb2 Ne5 10. Qe2 Nf6 11. f4 Nxd3+ 12. Qxd3 0-0 13. 0-0 Qc7 14. Rae1 Rad8 15. Ne2 Qb6+ 16. Kh1 c5 17. Ba1 Ne8 18. Bxg7 Nxg7 19. f5 g5 20. f6 exf6 21. Rxf6 Ne6 22. Ng3 Ng7 23. Qe3 h6 24. Rxh6 f6 25. Rf1 d5 26. e5 Rde8 27. Qd3 1-0

[Event "Maresme op 16th"]
[Site "Maresme"]
[Date "2019.09.29"]
[Round "1"]
[White "Fecundez Martinez, Josep"]
[Black "Palau Pons, Luis"]
[Result "0-1"]
[WhiteElo "1527"]
[BlackElo "1949"]
[PlyCount "76"]
[EventDate "2019.09.29"]
[EventType "swiss"]
[EventRounds "8"]
[EventCountry "ESP"]
[SourceTitle "CBM 193 Extra"]
[Source "ChessBase"]
[SourceDate "2020.01.31"]
[SourceVersion "1"]
[SourceVersionDate "2020.01.31"]
[SourceQuality "1"]

1. e4 c6 2. d4 d5 3. exd5 cxd5 4. c3 Nc6 5. Nf3 g6 6. h3 Bg7 7. Bf4 Nf6 8. Bd3 0-0 9. Qc1 Re8 10. 0-0 Be6 11. Bh6 Qd7 12. Bxg7 Kxg7 13. Qf4 Nh5 14. Qh2 Nf6 15. Nbd2 Bf5 16. Be2 Rac8 17. Nh4 Na5 18. Rfe1 a6 19. Qe5 Be6 20. Nhf3 Kg8 21. Ng5 Nc6 22. Qh2 Bf5 23. g4 Be6 24. Nxe6 fxe6 25. g5 Nh5 26. Bxh5 gxh5 27. Re3 e5 28. dxe5 d4 29. cxd4 Qxd4 30. Nf3 Qxb2 31. Ree1 Rf8 32. Qg3 e6 33. Kg2 Rf7 34. h4 Rcf8 35. g6 Rxf3 36. gxh7+ Kh8 37. Qxf3 Rxf3 38. Kxf3 Nxe5+ 0-1